Pictogrammes des handicaps - Statistiques

Statistiques générales
  • Ce quiz a été pris 65 fois
    60 depuis la dernière actualisation
  • Le résultat moyen est 3 sur 6
Statistiques - réponses
Par images Réponse % Correct
Auditif / Malentendant
93%
Visuel / Malvoyant
89%
Moteur
34%
Mental / Déficience intellectuelle
32%
Psychique
13%
Maladie invalidante
7%
Aucun quiz correspondant
Distribution des résultats
% des personnes avec chaque résultat
Percentile par nombre de réponses
Votre historique - résultats
Vous n’avez pas pris ce quiz depuis la dernière actualisation